30 Most Populated Metros - Statistics

General Stats
  • This quiz has been taken 249 times
  • The average score is 20 of 30
Answer Stats
Ranking Cities % Correct
8 New York
97%
1 Tokyo
97%
12 Beijing
91%
17 Los Angeles
89%
5 Shanghai
89%
4 Delhi
84%
25 Paris
84%
16 Moscow
83%
10 Mexico City
82%
22 Rio de Janeiro
78%
14 Mumbai
76%
28 Chicago
75%
11 Cairo
74%
9 Sao Paulo
74%
3 Seoul
71%
2 Jakarta
70%
20 Buenos Aires
68%
13 Osaka
66%
15 Guangzhou
59%
6 Manila
59%
21 Istanbul
58%
24 Lagos
55%
7 Karachi
51%
18 Kolkata
48%
27 Lima
44%
19 Dhaka
41%
23 Shenzhen
41%
26 Nagoya
33%
29 Kinshasa
31%
30 Tianjin
31%
No matching quizzes found
Score Distribution
Percent of People with Each Score
Percentile by Number Answered
Your Score History
You have not taken this quiz